| 000 | 01084nam a2200253 a 4500 | ||
|---|---|---|---|
| 001 | BRCA_3858 | ||
| 005 | 20190320204442.0 | ||
| 008 | 171209s1854----u--a######---#000-0#eng-# | ||
| 041 | _aeng | ||
| 044 | _au | ||
| 050 | 4 |
_aF1226 _b.M39 1 1854 |
|
| 100 | 1 |
_aMayer, Brantz _d1809-1879 _910047 |
|
| 245 | 1 | 0 |
_aMexico, Aztec, Spanish and Republican _ba Historical, Geographical, Political, Statistical and Social account of that country from the Period of the Invasion by the Spaniards to the Present Time; with a view of the Ancient Aztec Empire and Civilization; a Historical Sketch of the late war; and notices of New Mexico and California _cby Brantz Mayer. |
| 260 |
_aHartford, Conneticut _bS. Drake _c1854 |
||
| 300 |
_a2 t. en 1 v. _bil., 2 mapas plegables a color, 50 láminas _c24 cm. |
||
| 500 | _aCon ex-libris de: George C. Vaillant | ||
| 500 | _aVer también CEF77 (1853) | ||
| 500 | _aC17 | ||
| 650 | 1 | 4 |
_aViajeros estadounidenses _zMéxico _910048 |
| 651 | 4 |
_aMéxico _xHistoria _9614 |
|
| 651 | 4 |
_aMéxico _xDescripción y viajes _9103 |
|
| 902 | _aGFM | ||
| 942 |
_2lcc _cB |
||
| 999 |
_c3586 _d3586 |
||